[Event "V4 OPEN - International Championship of Slovakia 2
[Site "Banska Stiavnica"]
[Date "2013.07.06"]
[Round "1"]
[Board "73"]
[White "Jancsy, Peter"]
[Black "Hyll, Jan"]
[Result "0-1"]
[WhiteElo "1613"]
[BlackElo "1899"]
[PlyCount "44"]
[EventDate "2013.07.06"]
[EventRounds "9"]
[EventCountry "SVK"]

1. e4 d5 2. exd5 Nf6 3. Nc3 Nxd5 4. Nxd5 Qxd5 5. Qf3 Be6 6. Qxd5 Bxd5 7. d4 Nd7
8. c4 Be4 9. f3 Bg6 10. Ne2 Bd3 11. c5 e5 12. dxe5 Bxc5 13. f4 O-O-O 14. Nc3
Bg6 15. Bd2 Rhe8 16. O-O-O f6 17. exf6 Nxf6 18. g3 Bf5 19. Be2 Ne4 20. Nxe4
Rxe4 21. Bf3 Rc4+ 22. Bc3 Be3+ 0-1

[Event "V4 OPEN - International Championship of Slovakia 2
[Site "Banska Stiavnica"]
[Date "2013.07.06"]
[Round "1"]
[Board "74"]
[White "Szostko, Jakub"]
[Black "Ferkova, Dominika"]
[Result "1/2-1/2"]
[WhiteElo "1895"]
[BlackElo "1603"]
[PlyCount "78"]
[EventDate "2013.07.06"]
[EventRounds "9"]
[EventCountry "SVK"]

1. c4 e6 2. g3 d5 3. Bg2 Nf6 4. cxd5 exd5 5. d4 c5 6. Nf3 Nc6 7. O-O Be7 8. Nc3
O-O 9. Bg5 c4 10. Ne5 Be6 11. e4 Nxe4 12. Bxe7 Nxc3 13. Bxd8 Nxd1 14. Nxc6 bxc6
15. Be7 Nxb2 16. Bxf8 Kxf8 17. Rfc1 Rb8 18. Bf1 Bf5 19. f3 Na4 20. h4 h5 21.
Kf2 Rb2+ 22. Ke3 f6 23. Kf4 Bg6 24. Bh3 c3 25. Ke3 Nb6 26. Bf1 c2 27. Kd2 Rb1
28. a4 Nc4+ 29. Kc3 Nb2 30. Kd2 a5 31. Be2 Ke7 32. Ra2 Kd6 33. Rxc2 Bxc2 34.
Kxc2 Re1 35. Kd2 Rb1 36. Kc2 Re1 37. Kd2 Rb1 38. Kc2 Re1 39. Kd2 Rb1 1/2-1/2

[Event "V4 OPEN - International Championship of Slovakia 2
[Site "Banska Stiavnica"]
[Date "2013.07.06"]
[Round "1"]
[Board "75"]
[White "Miklasova, Emma"]
[Black "Chovan, Milan"]
[Result "0-1"]
[WhiteElo "1601"]
[BlackElo "1890"]
[PlyCount "68"]
[EventDate "2013.07.06"]
[EventRounds "9"]
[EventCountry "SVK"]

1. e4 e5 2. Nf3 Nc6 3. d4 exd4 4. Nxd4 Bc5 5. Be3 Qf6 6. c3 Nge7 7. Bc4 b6 8.
O-O Bb7 9. f3 O-O-O 10. b4 Bxd4 11. Bxd4 Qg6 12. Qe2 Nxd4 13. cxd4 d5 14. exd5
Nxd5 15. Bxd5 Rxd5 16. Rd1 Rhd8 17. Qf2 Qf6 18. Qb2 Rxd4 19. Rxd4 Rxd4 20. Nc3
Rc4 21. Rc1 Qd4+ 22. Kh1 Rxb4 23. Qc2 Rc4 24. Qf5+ Kb8 25. Qc2 h5 26. a4 h4 27.
h3 g5 28. Qb2 f5 29. Qc2 g4 30. fxg4 fxg4 31. hxg4 h3 32. Kh2 hxg2 33. g5 Qh4+
34. Kg1 Rf4 0-1

[Event "V4 OPEN - International Championship of Slovakia 2
[Site "Banska Stiavnica"]
[Date "2013.07.06"]
[Round "1"]
[Board "76"]
[White "Pasztor, Ladislav"]
[Black "Brnusak, Andrej"]
[Result "1-0"]
[WhiteElo "1886"]
[BlackElo "1566"]
[PlyCount "77"]
[EventDate "2013.07.06"]
[EventRounds "9"]
[EventCountry "SVK"]

1. e4 e5 2. Bc4 Nf6 3. d3 d6 4. Nf3 Nc6 5. Ng5 d5 6. exd5 Na5 7. O-O Bd6 8. Nc3
O-O 9. Nge4 Nxe4 10. Nxe4 Nxc4 11. dxc4 Bf5 12. f3 Bxe4 13. fxe4 Bc5+ 14. Kh1
Qh4 15. Qe2 Rad8 16. Bd2 Qe7 17. a3 a6 18. Rf3 Rd6 19. Raf1 Rg6 20. Rh3 h6 21.
b4 Ba7 22. c5 Rf6 23. Rxf6 Qxf6 24. Qf3 Qxf3 25. Rxf3 Rd8 26. g4 g5 27. Rf5 Re8
28. Bc3 a5 29. Rxe5 Kf8 30. Rxe8+ Kxe8 31. Kg2 Kd7 32. Kf3 axb4 33. axb4 c6 34.
Bg7 b6 35. cxb6 Bxb6 36. Bxh6 f6 37. Bf8 Bc7 38. h3 cxd5 39. exd5 1-0

[Event "V4 OPEN - International Championship of Slovakia 2
[Site "Banska Stiavnica"]
[Date "2013.07.06"]
[Round "1"]
[Board "77"]
[White "Piovar, Jaroslav"]
[Black "Jancura, Andrej"]
[Result "0-1"]
[WhiteElo "1564"]
[BlackElo "1885"]
[PlyCount "92"]
[EventDate "2013.07.06"]
[EventRounds "9"]
[EventCountry "SVK"]

1. d4 Nf6 2. c4 c6 3. Nc3 d5 4. cxd5 cxd5 5. Bg5 e6 6. e3 Nc6 7. a3 Bd7 8. Bd3
Be7 9. Nge2 Rc8 10. O-O O-O 11. Qc2 h6 12. Bh4 Na5 13. f3 Nc4 14. Bf2 Qb6 15.
Rab1 Qc6 16. Qc1 Rfe8 17. e4 b5 18. Re1 a5 19. e5 Nh7 20. f4 b4 21. Bxc4 Qxc4
22. Nd1 Qxc1 23. Nxc1 bxa3 24. bxa3 Bxa3 25. Nd3 Rb8 26. Ra1 Bb4 27. Nxb4 axb4
28. Nb2 Bb5 29. Rec1 Rec8 30. h3 Nf8 31. Be1 b3 32. Rxc8 Rxc8 33. Ra3 Rc1 34.
Kf2 Rc2+ 35. Kg1 Rxb2 36. Bb4 Ng6 37. Ra8+ Kh7 38. Rb8 Bc4 39. Ba3 Rb1+ 40. Kh2
Nxf4 41. Rb7 Kg6 42. h4 h5 43. g4 Ra1 44. gxh5+ Nxh5 45. Be7 Ra2+ 46. Kg1 b2
0-1

[Event "V4 OPEN - International Championship of Slovakia 2
[Site "Banska Stiavnica"]
[Date "2013.07.06"]
[Round "1"]
[Board "78"]
[White "Michalek, Matej"]
[Black "Hurton, Dusan"]
[Result "1-0"]
[WhiteElo "1885"]
[BlackElo "1471"]
[PlyCount "99"]
[EventDate "2013.07.06"]
[EventRounds "9"]
[EventCountry "SVK"]

1. e4 e6 2. d4 d5 3. exd5 exd5 4. Bd3 Nc6 5. Nf3 Bg4 6. c3 Nf6 7. O-O Be7 8. h3
Bh5 9. Bf4 O-O 10. Nbd2 Re8 11. b4 Bd6 12. Bg5 h6 13. Bh4 g5 14. Bg3 Bxg3 15.
fxg3 Ne4 16. g4 Bg6 17. Qc2 Nxd2 18. Qxd2 Bxd3 19. Qxd3 a6 20. a4 Re6 21. b5
Ne7 22. Ne5 f6 23. Qf3 axb5 24. Nd3 b6 25. axb5 Rxa1 26. Rxa1 Qd6 27. Nb4 Re4
28. g3 Qe6 29. Kf2 Kg7 30. Ra2 h5 31. Re2 hxg4 32. Qxg4 Qxg4 33. hxg4 Rxe2+ 34.
Kxe2 Kf7 35. Na6 c6 36. bxc6 Nxc6 37. Nc7 Ne7 38. Kd3 Kg6 39. Ke3 f5 40. Kf3
Kf6 41. gxf5 Kxf5 42. g4+ Kf6 43. Ke3 Kf7 44. Kd3 Kf6 45. Kc2 Kg6 46. Kb3 Ng8
47. Nxd5 Nh6 48. Ne3 Nxg4 49. Nxg4 Kf5 50. d5 1-0

[Event "V4 OPEN - International Championship of Slovakia 2
[Site "Banska Stiavnica"]
[Date "2013.07.06"]
[Round "1"]
[Board "79"]
[White "Uhrin, Milan"]
[Black "Chmielewski, Jakub"]
[Result "0-1"]
[WhiteElo "1394"]
[BlackElo "1880"]
[PlyCount "78"]
[EventDate "2013.07.06"]
[EventRounds "9"]
[EventCountry "SVK"]

1. e4 c5 2. c3 d6 3. d4 Nf6 4. dxc5 dxc5 5. Qxd8+ Kxd8 6. e5 Nfd7 7. Nf3 Nc6 8.
Bf4 e6 9. Nbd2 b6 10. Bb5 Bb7 11. O-O a6 12. Bxc6 Bxc6 13. Rad1 h6 14. h4 Be7
15. h5 g5 16. hxg6 fxg6 17. Nh2 g5 18. Bg3 h5 19. f4 h4 20. Bxh4 gxh4 21. Nc4
Kc7 22. Ne3 Rag8 23. Rd2 Rg3 24. Nhg4 Rg8 25. Kh2 R3xg4 26. Nxg4 Rxg4 27. Rff2
c4 28. b4 cxb3 29. axb3 Nc5 30. Ra2 Nd3 31. Rfd2 Nxf4 32. Rxa6 Rxg2+ 33. Rxg2
Nxg2 34. Ra2 Ne1 35. Ra7+ Bb7 36. Kh3 Nf3 37. Ra1 Nxe5 38. Re1 Nd3 39. Re3 Nf2+
0-1

[Event "V4 OPEN - International Championship of Slovakia 2
[Site "Banska Stiavnica"]
[Date "2013.07.06"]
[Round "1"]
[Board "80"]
[White "Recky, Norbert"]
[Black "Grega, Jaroslav"]
[Result "1-0"]
[WhiteElo "1879"]
[BlackElo "1257"]
[PlyCount "118"]
[EventDate "2013.07.06"]
[EventRounds "9"]
[EventCountry "SVK"]

1. e4 c5 2. Nf3 d6 3. d4 cxd4 4. Nxd4 Bd7 5. Be2 Nf6 6. Nc3 g6 7. Be3 Bg7 8. f3
a6 9. Qd2 Nc6 10. O-O O-O 11. Rac1 Rc8 12. Rfd1 Qc7 13. h3 Rfd8 14. Qe1 Qb6 15.
Na4 Qc7 16. Nxc6 Qxc6 17. Nb6 Rb8 18. Nxd7 Rxd7 19. c3 Rbd8 20. Qf2 b5 21. Qf1
Nh5 22. Qf2 d5 23. g4 Nf6 24. e5 Ne8 25. f4 f6 26. Bd4 fxe5 27. fxe5 Nc7 28. g5
Rf8 29. Qg3 e6 30. Rf1 Rdf7 31. Rf6 Ne8 32. Rcf1 Bxf6 33. gxf6 Qc7 34. Qg5 Qd7
35. Bd3 Qd8 36. Bc5 Rxf6 37. exf6 Rxf6 38. Rxf6 Qxf6 39. Qxf6 Nxf6 40. a4 Nd7
41. Ba7 Ne5 42. Be2 Nc4 43. b3 bxa4 44. bxa4 Kf7 45. Bxc4 dxc4 46. Kf2 Kf6 47.
Bb8 e5 48. Bc7 Kf5 49. Kf3 h5 50. h4 e4+ 51. Ke3 g5 52. hxg5 Kxg5 53. Kxe4 h4
54. Kd4 h3 55. Kxc4 Kh4 56. Kd5 Kg4 57. c4 Kf3 58. c5 Kg2 59. c6 h2 1-0

[Event "V4 OPEN - International Championship of Slovakia 2
[Site "Banska Stiavnica"]
[Date "2013.07.06"]
[Round "1"]
[Board "81"]
[White "Weis, Dusan"]
[Black "Pal, Csanad"]
[Result "1-0"]
[WhiteElo "1754"]
[BlackElo "1878"]
[PlyCount "101"]
[EventDate "2013.07.06"]
[EventRounds "9"]
[EventCountry "SVK"]

1. e4 e5 2. Nf3 Nc6 3. Bb5 Nge7 4. O-O g6 5. c3 Bg7 6. d4 exd4 7. cxd4 d5 8.
exd5 Nxd5 9. Re1+ Be6 10. Bg5 Qd6 11. Nc3 O-O 12. a3 Bf5 13. Bc4 Nb6 14. Be2
Nxd4 15. Nxd4 Qxd4 16. Qc1 c6 17. Bf3 Rfe8 18. Be3 Qf6 19. a4 Nc4 20. Bd2 Nxd2
21. Qxd2 Qd4 22. Qc1 Re6 23. Rxe6 Bxe6 24. a5 a6 25. Ra4 Qc5 26. Qd2 Bxc3 27.
bxc3 Qb5 28. Bd1 Qd5 29. Qc1 Rd8 30. Bf3 Qb5 31. Rh4 Qxa5 32. h3 Qe5 33. Qh6
Qg7 34. Qg5 f6 35. Qc5 Bd5 36. Rd4 Qf7 37. c4 Qf8 38. Qb6 Re8 39. cxd5 Re1+ 40.
Kh2 Qd6+ 41. g3 Qa3 42. Kg2 Qa1 43. dxc6 Rh1 44. Rd1 Rxd1 45. Bxd1 bxc6 46.
Bb3+ Kg7 47. Qxc6 a5 48. Qa4 Qc3 49. Qd7+ Kh6 50. Bg8 Kg5 51. h4+ 1-0

[Event "V4 OPEN - International Championship of Slovakia 2
[Site "Banska Stiavnica"]
[Date "2013.07.06"]
[Round "1"]
[Board "82"]
[White "Durica, Andrej"]
[Black "Gregusova, Katarina"]
[Result "1-0"]
[WhiteElo "1854"]
[BlackElo "1544"]
[PlyCount "63"]
[EventDate "2013.07.06"]
[EventRounds "9"]
[EventCountry "SVK"]

1. e4 e5 2. f4 exf4 3. Nf3 Nc6 4. Bc4 Bc5 5. d4 Bb6 6. Bxf4 d6 7. O-O Nf6 8.
Bg5 O-O 9. c3 Qe7 10. Nbd2 Be6 11. Bd3 Bg4 12. h3 Bh5 13. Kh1 h6 14. Bh4 Rfe8
15. Qc2 Bg6 16. Rae1 Rad8 17. Nc4 Rd7 18. e5 Bxd3 19. Qxd3 dxe5 20. Nfxe5 Nxe5
21. Rxe5 Qd8 22. Qf5 Rxe5 23. dxe5 Rd5 24. Qf4 g5 25. Bxg5 hxg5 26. Qxg5+ Kh7
27. Rxf6 Rd1+ 28. Kh2 Bg1+ 29. Kg3 Qd3+ 30. Kh4 Qe4+ 31. g4 Bf2+ 32. Kh5 1-0

[Event "V4 OPEN - International Championship of Slovakia 2
[Site "Banska Stiavnica"]
[Date "2013.07.06"]
[Round "1"]
[Board "83"]
[White "Rendla, Karol"]
[Black "Adamciak, Tomas"]
[Result "0-1"]
[WhiteElo "1453"]
[BlackElo "1853"]
[PlyCount "50"]
[EventDate "2013.07.06"]
[EventRounds "9"]
[EventCountry "SVK"]

1. e4 c5 2. Bc4 Nc6 3. a3 e6 4. h3 Nf6 5. d3 d5 6. exd5 exd5 7. Ba2 Qc7 8. Nf3
h6 9. Qe2+ Be6 10. Bd2 Qb6 11. b3 Bd6 12. Nc3 O-O 13. O-O Rfe8 14. Qd1 Bf5 15.
Qc1 d4 16. Na4 Qc7 17. Bb1 Re2 18. c3 Nd5 19. Nb2 dxc3 20. Bxc3 Bf4 21. Bd2
Bxd2 22. Nxd2 Nd4 23. Nbc4 b5 24. Ne3 Nxe3 25. fxe3 Qg3 0-1

[Event "V4 OPEN - International Championship of Slovakia 2
[Site "Banska Stiavnica"]
[Date "2013.07.06"]
[Round "1"]
[Board "84"]
[White "Malinovsky, Jozef"]
[Black "Durica, Adam"]
[Result "1-0"]
[WhiteElo "1846"]
[BlackElo "1450"]
[PlyCount "57"]
[EventDate "2013.07.06"]
[EventRounds "9"]
[EventCountry "SVK"]

1. c4 c6 2. Nc3 Nf6 3. d4 d5 4. Nf3 Nbd7 5. e3 e6 6. Bd3 Bd6 7. Qc2 dxc4 8.
Bxc4 {necitatelne} Nb6 9. Bd3 Nbd5 10. a3 Qa5 11. O-O b5 12. Bd2 Qb6 13. e4
Nxc3 14. bxc3 Nh5 15. e5 Be7 16. g4 f5 17. gxh5 g6 18. h6 Bb7 19. Ng5 c5 20.
Rab1 a6 21. a4 Qc6 22. f3 bxa4 23. Bc4 Bxg5 24. Bxg5 Rc8 25. Qa2 cxd4 26. Bxe6
Rc7 27. cxd4 Qc3 28. Qxa4+ Bc6 29. Rb8+ 1-0

[Event "V4 OPEN - International Championship of Slovakia 2
[Site "Banska Stiavnica"]
[Date "2013.07.06"]
[Round "1"]
[Board "85"]
[White "Bango, Dominik"]
[Black "Simo, Marian"]
[Result "0-1"]
[WhiteElo "1337"]
[BlackElo "1844"]
[PlyCount "116"]
[EventDate "2013.07.06"]
[EventRounds "9"]
[EventCountry "SVK"]

1. b4 d5 2. Bb2 Bf5 3. d3 Nf6 4. Nf3 e6 5. a3 Nbd7 6. Nbd2 c5 7. c3 Be7 8. g3
O-O 9. Bg2 Qc7 10. O-O h6 11. Rc1 Rac8 12. Re1 Rfd8 13. Qb3 b5 14. c4 bxc4 15.
dxc4 Qb6 16. bxc5 Nxc5 17. Qxb6 axb6 18. Nd4 Bg6 19. cxd5 Nxd5 20. Nc4 Na4 21.
Ba1 Ndc3 22. Bxc3 Rxc4 23. Nc6 Nxc3 24. Nxe7+ Kh7 25. Kh1 Rc5 26. h3 Rd2 27.
Nxg6 Kxg6 28. Bf3 e5 29. Bb7 Ra2 30. Ra1 Rxe2 31. Rxe2 Nxe2 32. Ra2 Nd4 33. Rb2
b5 34. Be4+ Kf6 35. Rb4 Ke6 36. a4 Rc4 37. Rxc4 bxc4 38. a5 Kd6 39. a6 Nb5 40.
Kg1 Kc5 41. Kf1 Kb6 42. Bd5 Nd6 43. a7 Kxa7 44. Ke2 Kb6 45. Ke3 Kc5 46. Bf3
Nf5+ 47. Ke4 Nd4 48. Bd1 f6 49. Ke3 Kb4 50. g4 Kc3 51. h4 Kb2 52. g5 c3 53.
gxh6 gxh6 54. f4 c2 55. Bxc2 Kxc2 56. fxe5 fxe5 57. Ke4 Nc6 58. Kd5 Kd3 0-1

[Event "V4 OPEN - International Championship of Slovakia 2
[Site "Banska Stiavnica"]
[Date "2013.07.06"]
[Round "1"]
[Board "86"]
[White "Sahidi, Samir"]
[Black "Majsniar, Jan"]
[Result "1-0"]
[WhiteElo "1839"]
[BlackElo "1309"]
[PlyCount "66"]
[EventDate "2013.07.06"]
[EventRounds "9"]
[EventCountry "SVK"]

1. d4 d5 2. c4 e6 3. Nc3 Nf6 4. Bg5 Be7 5. e3 h6 6. Bh4 O-O 7. Nf3 b6 8. cxd5
Nxd5 9. Bxe7 Nxe7 10. Be2 Bb7 11. O-O Nd7 12. Qb3 c5 13. Rfd1 Qc8 14. Nb5 Qc6
15. Rac1 a6 16. Nc3 Nf6 17. dxc5 b5 18. a4 bxa4 19. Qxa4 Qxc5 20. Ne4 Qf5 21.
Nd6 Qg4 22. Qxg4 Nxg4 23. Nxb7 Rfb8 24. Nc5 Rxb2 25. Rd2 Rxd2 26. Nxd2 Nf6 27.
Nxa6 Ned5 28. g3 Rd8 29. Nf3 g5 30. Kg2 Ra8 31. Nc7 Nxc7 32. Rxc7 Ra2 33. Bc4
Ne4 1-0

[Event "V4 OPEN - International Championship of Slovakia 2
[Site "Banska Stiavnica"]
[Date "2013.07.07"]
[Round "2"]
[Board "1"]
[White "Banusz, Tamas"]
[Black "Repka, Christopher"]
[Result "1-0"]
[WhiteElo "2588"]
[BlackElo "2361"]
[PlyCount "0"]
[EventDate "2013.07.06"]
[EventRounds "9"]
[EventCountry "SVK"]

1. c4 {[%clk 1:30:56]} e5 {[%clk 1:29:59]} 2. g3 {[%clk 1:31:17]} Nc6
{[%clk 1:30:22]} 3. Nc3 {[%clk 1:31:36]} Nf6 {[%clk 1:30:35]} 4. Bg2
{[%clk 1:31:59]} Bc5 {[%clk 1:30:41]} 5. e3 {[%clk 1:32:22]} O-O {[%clk 1:31:05]}
6. Nge2 {[%clk 1:32:30]} d6 {[%clk 1:31:32]} 7. O-O {[%clk 1:31:08]} Bf5
{[%clk 1:31:51]} 8. d4 {[%clk 1:30:35]} Bb6 {[%clk 1:32:19]} 9. a3
{[%clk 1:29:21]} a5 {[%clk 1:32:43]} 10. Nd5 {[%clk 1:28:32]} Nxd5
{[%clk 1:30:47]} 11. cxd5 {[%clk 1:28:41]} Ne7 {[%clk 1:30:26]} 12. dxe5
{[%clk 1:27:01]} dxe5 {[%clk 1:30:33]} 13. Nc3 {[%clk 1:27:14]} Qd7
{[%clk 1:29:44]} 14. Qa4 {[%clk 1:17:37]} Qxa4 {[%clk 1:21:27]} 15. Nxa4
{[%clk 1:18:00]} Ba7 {[%clk 1:20:01]} 16. e4 {[%clk 1:07:16]} Bd7
{[%clk 1:19:06]} 17. b3 {[%clk 1:07:26]} f5 {[%clk 1:13:12]} 18. Bg5
{[%clk 1:05:01]} Nc8 {[%clk 0:55:55]} 19. exf5 {[%clk 1:02:18]} Bxf5
{[%clk 0:46:34]} 20. Be3 {[%clk 0:59:55]} Bxe3 {[%clk 0:45:48]} 21. fxe3
{[%clk 1:00:19]} Nd6 {[%clk 0:46:14]} 22. Rac1 {[%clk 0:58:45]} Rac8
{[%clk 0:44:13]} 23. Nb2 {[%clk 0:56:37]} Rf7 {[%clk 0:37:15]} 24. Rf2
{[%clk 0:50:33]} Rcf8 {[%clk 0:35:02]} 25. Nc4 {[%clk 0:44:40]} Nxc4
{[%clk 0:33:47]} 26. bxc4 {[%clk 0:44:52]} Rf6 {[%clk 0:19:15]} 27. e4
{[%clk 0:36:06]} Bg4 {[%clk 0:11:57]} 28. Rb2 {[%clk 0:35:02]} Rb6
{[%clk 0:10:23]} 29. Rxb6 {[%clk 0:32:47]} cxb6 {[%clk 0:10:52]} 30. Rb1
{[%clk 0:33:05]} Rf6 {[%clk 0:10:28]} 31. c5 {[%clk 0:33:26]} bxc5
{[%clk 0:10:49]} 32. Rxb7 {[%clk 0:33:48]} Be2 {[%clk 0:07:32]} 33. Rc7
{[%clk 0:28:05]} c4 {[%clk 0:07:48]} 34. Bh3 {[%clk 0:28:08]} Bd3
{[%clk 0:07:06]} 35. Be6+ {[%clk 0:27:53]} Kf8 {[%clk 0:07:35]} 36. d6
{[%clk 0:26:48]} Rxe6 {[%clk 0:05:49]} 37. Rc8+ {[%clk 0:27:09]} Kf7
{[%clk 0:06:11]} 38. d7 {[%clk 0:27:35]} Rd6 {[%clk 0:06:19]} 39. d8=Q
{[%clk 0:27:58]} Rxd8 {[%clk 0:06:43]} 40. Rxd8 {[%clk 0:28:24]} Bxe4
{[%clk 0:03:44]} 41. Rc8 {[%clk 0:26:50]} Bd3 {[%clk 0:03:42]} 42. Ra8
{[%clk 0:18:43]} c3 {[%clk 0:02:18]} 43. Rxa5 {[%clk 0:18:45]} Ke6
{[%clk 0:30:35]} 44. Rc5 {[%clk 0:49:50]} c2 {[%clk 0:31:02]} 45. Kf2
{[%clk 0:50:00]} Kd6 {[%clk 0:31:20]} 46. Rc3 {[%clk 0:50:19]} e4
{[%clk 0:31:49]} 47. Ke3 {[%clk 0:50:29]} Ke5 {[%clk 0:31:23]} 48. a4
{[%clk 0:49:37]} Kd6 {[%clk 0:30:49]} 49. a5 {[%clk 0:49:03]} Kd5
{[%clk 0:30:58]} 50. Kd2 {[%clk 0:47:39]} Kd6 {[%clk 0:30:32]} 51. Rxc2
{[%clk 0:46:17]} Bxc2 {[%clk 0:29:19]} 52. Kxc2 {[%clk 0:46:42]} Kc6
{[%clk 0:29:45]} 53. Kd2 {[%clk 0:47:03]} Kb5 {[%clk 0:30:12]} 54. Ke3
{[%clk 0:47:29]} Kxa5 {[%clk 0:30:38]} 55. Kxe4 {[%clk 0:47:56]} Kb5
{[%clk 0:28:56]} 56. Kd5 {[%clk 0:47:39]} 1-0

[Event "V4 OPEN - International Championship of Slovakia 2
[Site "Banska Stiavnica"]
[Date "2013.07.07"]
[Round "2"]
[Board "2"]
[White "Motuz, Karol"]
[Black "Markos, Jan"]
[Result "0-1"]
[WhiteElo "2361"]
[BlackElo "2580"]
[PlyCount "0"]
[EventDate "2013.07.06"]
[EventRounds "9"]
[EventCountry "SVK"]

1. d4 {[%clk 1:30:52]} Nf6 {[%clk 1:30:54]} 2. Nf3 {[%clk 1:31:02]} g6
{[%clk 1:29:04]} 3. Bf4 {[%clk 1:30:27]} d6 {[%clk 1:21:01]} 4. Nc3
{[%clk 1:29:36]} Bg7 {[%clk 1:05:00]} 5. e4 {[%clk 1:29:45]} Bg4 {[%clk 0:59:00]}
6. Be2 {[%clk 1:22:07]} Nc6 {[%clk 0:53:34]} 7. d5 {[%clk 1:18:09]} Bxf3
{[%clk 0:51:35]} 8. Bxf3 {[%clk 1:17:04]} Ne5 {[%clk 0:50:06]} 9. Bxe5
{[%clk 1:14:25]} dxe5 {[%clk 0:50:29]} 10. O-O {[%clk 1:11:29]} O-O
{[%clk 0:48:51]} 11. Na4 {[%clk 1:09:15]} Qd6 {[%clk 0:39:51]} 12. c4
{[%clk 1:02:31]} Nd7 {[%clk 0:39:48]} 13. Qc2 {[%clk 0:48:00]} c5
{[%clk 0:39:18]} 14. Bg4 {[%clk 0:44:03]} Nf6 {[%clk 0:39:15]} 15. Bh3
{[%clk 0:44:02]} h5 {[%clk 0:38:48]} 16. Qe2 {[%clk 0:42:47]} Nh7
{[%clk 0:32:02]} 17. g3 {[%clk 0:39:21]} f5 {[%clk 0:26:00]} 18. exf5
{[%clk 0:32:31]} Ng5 {[%clk 0:23:32]} 19. Bg2 {[%clk 0:30:54]} e4
{[%clk 0:23:13]} 20. Qe3 {[%clk 0:22:45]} Bh6 {[%clk 0:14:44]} 21. Qxc5
{[%clk 0:21:05]} Qd7 {[%clk 0:14:33]} 22. Nc3 {[%clk 0:11:36]} gxf5
{[%clk 0:14:23]} 23. h4 {[%clk 0:10:55]} Nf7 {[%clk 0:13:31]} 24. Bh3
{[%clk 0:10:38]} Ne5 {[%clk 0:08:30]} 25. Nxe4 {[%clk 0:09:14]} Rac8
{[%clk 0:08:22]} 26. Qxa7 {[%clk 0:07:52]} Rxc4 {[%clk 0:08:46]} 27. Qb6
{[%clk 0:06:43]} Kh7 {[%clk 0:03:57]} 28. Ng5+ {[%clk 0:05:10]} Bxg5
{[%clk 0:04:22]} 29. hxg5 {[%clk 0:05:38]} Nf3+ {[%clk 0:04:49]} 30. Kh1
{[%clk 0:05:47]} Nxg5 {[%clk 0:05:15]} 31. Bg2 {[%clk 0:05:45]} f4
{[%clk 0:05:26]} 32. Rfe1 {[%clk 0:04:02]} fxg3 {[%clk 0:02:46]} 33. fxg3
{[%clk 0:04:03]} h4 {[%clk 0:01:40]} 34. Re5 {[%clk 0:03:25]} Rg4
{[%clk 0:00:48]} 35. Rae1 {[%clk 0:03:20]} Rf7 {[%clk 0:01:05]} 36. Qe3
{[%clk 0:02:50]} Rxg3 {[%clk 0:01:20]} 37. Qe2 {[%clk 0:02:31]} Nf3
{[%clk 0:00:40]} 38. Qe4+ {[%clk 0:01:57]} Kg8 {[%clk 0:00:57]} 39. Re6
{[%clk 0:00:42]} Nxe1 {[%clk 0:01:14]} 40. Qxe1 {[%clk 0:00:32]} Rfg7
{[%clk 0:01:03]} 0-1

[Event "V4 OPEN - International Championship of Slovakia 2
[Site "Banska Stiavnica"]
[Date "2013.07.07"]
[Round "2"]
[Board "3"]
[White "Michalik, Peter"]
[Black "Jurcik, Martin"]
[Result "1-0"]
[WhiteElo "2579"]
[BlackElo "2358"]
[PlyCount "0"]
[EventDate "2013.07.06"]
[EventRounds "9"]
[EventCountry "SVK"]

1. d4 {[%clk 1:30:57]} g6 {[%clk 1:30:01]} 2. e4 {[%clk 1:31:15]} d6
{[%clk 1:29:10]} 3. Nc3 {[%clk 1:31:33]} Bg7 {[%clk 1:27:47]} 4. f4
{[%clk 1:31:54]} Nd7 {[%clk 1:23:17]} 5. Nf3 {[%clk 1:31:27]} e6 {[%clk 1:20:13]}
6. f5 {[%clk 1:27:31]} e5 {[%clk 1:08:41]} 7. Bg5 {[%clk 1:24:29]} f6
{[%clk 0:52:47]} 8. Be3 {[%clk 1:16:29]} gxf5 {[%clk 0:47:04]} 9. Nh4
{[%clk 1:10:43]} f4 {[%clk 0:40:27]} 10. Nf5 {[%clk 1:09:54]} Kf8
{[%clk 0:37:34]} 11. Qg4 {[%clk 0:55:20]} Bh6 {[%clk 0:36:05]} 12. Bf2
{[%clk 0:54:41]} Nb6 {[%clk 0:35:37]} 13. dxe5 {[%clk 0:53:21]} fxe5
{[%clk 0:33:01]} 14. Bh4 {[%clk 0:53:40]} Qe8 {[%clk 0:29:14]} 15. g3
{[%clk 0:53:06]} Qf7 {[%clk 0:22:51]} 16. Nxh6 {[%clk 0:49:27]} Bxg4
{[%clk 0:20:46]} 17. Nxf7 {[%clk 0:49:53]} Kxf7 {[%clk 0:21:10]} 18. gxf4
{[%clk 0:50:17]} exf4 {[%clk 0:20:51]} 19. Rg1 {[%clk 0:47:33]} Bd7
{[%clk 0:10:50]} 20. O-O-O {[%clk 0:43:27]} Ne7 {[%clk 0:09:58]} 21. Be2
{[%clk 0:43:46]} Ng6 {[%clk 0:09:15]} 22. Bh5 {[%clk 0:44:03]} Raf8
{[%clk 0:07:14]} 23. Rdf1 {[%clk 0:40:47]} Rhg8 {[%clk 0:04:16]} 24. Ne2
{[%clk 0:39:15]} Bb5 {[%clk 0:03:05]} 25. Rxf4+ {[%clk 0:39:07]} Kg7
{[%clk 0:02:23]} 26. Rf5 {[%clk 0:35:42]} Bd7 {[%clk 0:01:27]} 27. Rfg5
{[%clk 0:33:39]} Kh8 {[%clk 0:01:00]} 28. Bxg6 {[%clk 0:32:42]} Rxg6
{[%clk 0:01:26]} 29. Rxg6 {[%clk 0:30:31]} hxg6 {[%clk 0:01:55]} 30. Rxg6
{[%clk 0:30:46]} Kh7 {[%clk 0:01:16]} 31. Rf6 {[%clk 0:31:00]} Rxf6
{[%clk 0:00:39]} 32. Bxf6 {[%clk 0:31:26]} Nc4 {[%clk 0:00:34]} 33. b3
{[%clk 0:31:28]} Ne3 {[%clk 0:00:40]} 34. Bd4 {[%clk 0:31:46]} Ng4
{[%clk 0:00:43]} 35. h3 {[%clk 0:31:05]} Ne5 {[%clk 0:01:00]} 36. Bxe5
{[%clk 0:31:23]} dxe5 {[%clk 0:01:23]} 37. h4 {[%clk 0:31:49]} Kg6
{[%clk 0:01:19]} 38. Ng3 {[%clk 0:32:15]} a5 {[%clk 0:00:57]} 39. a3
{[%clk 0:30:44]} Be6 {[%clk 0:01:06]} 40. Kd2 {[%clk 0:29:19]} Kh6
{[%clk 0:00:45]} 41. b4 {[%clk 0:26:44]} axb4 {[%clk 0:01:04]} 42. axb4
{[%clk 0:27:09]} Kg6 {[%clk 0:28:43]} 43. Kd3 {[%clk 0:58:29]} Kh6
{[%clk 0:22:25]} 44. Ke3 {[%clk 0:58:48]} Bg4 {[%clk 0:21:29]} 45. c3
{[%clk 0:58:37]} Kg6 {[%clk 0:21:26]} 46. c4 {[%clk 0:58:10]} Be6
{[%clk 0:21:07]} 47. c5 {[%clk 0:58:29]} Bd7 {[%clk 0:21:23]} 48. Kf3
{[%clk 0:57:53]} Ba4 {[%clk 0:20:40]} 49. Nh1 {[%clk 0:56:39]} Kh5
{[%clk 0:19:40]} 50. Kg3 {[%clk 0:57:05]} Bd1 {[%clk 0:17:59]} 51. Nf2
{[%clk 0:57:30]} Bc2 {[%clk 0:18:20]} 52. Ng4 {[%clk 0:57:55]} Bd3
{[%clk 0:17:18]} 53. Nxe5 {[%clk 0:50:13]} Bxe4 {[%clk 0:17:40]} 54. b5
{[%clk 0:50:36]} Bd5 {[%clk 0:14:31]} 55. b6 {[%clk 0:50:25]} cxb6
{[%clk 0:14:27]} 56. cxb6 {[%clk 0:50:51]} Be6 {[%clk 0:11:14]} 57. Nd3
{[%clk 0:50:15]} Bd7 {[%clk 0:10:43]} 58. Nf4+ {[%clk 0:49:36]} Kh6
{[%clk 0:11:12]} 59. Kf3 {[%clk 0:49:59]} Kg7 {[%clk 0:11:26]} 60. Ke4
{[%clk 0:50:24]} Kf6 {[%clk 0:11:44]} 61. Kd5 {[%clk 0:50:47]} Kf5
{[%clk 0:10:05]} 62. Kd6 {[%clk 0:51:03]} Bc6 {[%clk 0:10:03]} 63. Nd3
{[%clk 0:51:22]} Bf3 {[%clk 0:09:16]} 64. Kc7 {[%clk 0:51:48]} Bg2
{[%clk 0:08:53]} 65. Nc5 {[%clk 0:52:05]} Kg4 {[%clk 0:09:14]} 66. Nxb7
{[%clk 0:52:31]} Kxh4 {[%clk 0:09:25]} 67. Na5 {[%clk 0:52:57]} Ba8
{[%clk 0:09:40]} 68. Nb7 {[%clk 0:53:23]} 1-0